000 00657cab a2200205 4500
001 ABS41655
008 090401t1989 xxu||||| |||| 00| 0 eng d
035 _a(Sirsi) u31458
041 _aeng
100 _aSimmonds, D.
245 _aPSA balances its approach
260 _c1989
350 _a0
490 _aConstruction News
_v(6138) 16 November 1989, 33 (6139) 23 November 198
520 _aReviews the PSA `s GC/Works/1 Edition 3 due to be published either before Christmas or in the New Year.
650 _aBUILT ENVIRONMENT-BUILDING CONTRACT FORMS
690 _aBUILT ENVIRONMENT-BUILDING CONTRACT FORMS
942 _n0
948 _c04/03/1997
999 _c21119
_d21119